| 000 | 00842 a2200169 4500 | ||
|---|---|---|---|
| 003 | NUST | ||
| 005 | 20230124125231.0 | ||
| 040 | _cNust | ||
| 082 | _a808.83,DIC | ||
| 100 |
_aDickens, Charles _9386 |
||
| 245 |
_aThe Pickwick Papers / _cCharles Dickens |
||
| 260 |
_aLondon _bJ.M.Dent & Sons Ltd |
||
| 300 | _a796:p | ||
| 505 | _aThe Pickwickians (Page-1), A New Acquaintance (Page-33), An Old Fashioned Card Party (Page-68), A Discovery And Chase (Page-110), Adventure (Page-209), Pleasant Day (Page-248), Christmas (Page-374), Bath (Page-490), Mission Of Love (Page-545), Difficulties (Page-601), Containing The Story (Page-682), Mr Solomon Pell (Page-771), An Important Conference Takes Place Between (Page-784), In Which the Pickwick Club is Finally Dissolved (Page-797). | ||
| 650 |
_aFictions _9107530 |
||
| 942 |
_2ddc _cBK _k808.83,DIC |
||
| 999 |
_c186892 _d186892 |
||